Statistics for Speedy Pop-Up General Knowledge Quiz

Click here to take the quiz!

General Stats

  • This quiz has been taken 405 times
  • The average score is 1 of 6

Answer Stats

HintAnswer% Correct
GO!
100%
What year was Christopher Columbus born?1451... not 1492!
14%
What cold liquid do cows drink?Water... not milk!
9%
How much dirt is in a 7x4x2 inch hole?None... not 56in!
4%
How many months have twenty-eight days?Twelve... not one!
2%
How often can 2 eggs be taken from 100?Once... not fifty!
0%

Score Distribution

Percentile by Number Answered

Percent of People with Each Score

Your Score History

You have not taken this quiz